The new Palgrave dictionaty of economics and law

Αποθηκεύτηκε σε:
Λεπτομέρειες βιβλιογραφικής εγγραφής
Άλλοι συγγραφείς: Newman, Peter K. 1928- (Επιμελητής έκδοσης)
Μορφή: Βιβλίο
Γλώσσα:English
Δημοσίευση: London : New York : Macmillan Reference, Stockton Press, c1998
Θέματα:
Ετικέτες: Προσθήκη ετικέτας
Δεν υπάρχουν, Καταχωρήστε ετικέτα πρώτοι!

MARC

LEADER 00000nam a2200000 i 4500
001 1/14452
008 001204s1998 eng d
020 |a 0-333-67667-X (Macmillan) 
020 |a 1-56159-215-3 (Stockton Press) 
035 |l 10065004 
040 |a GR-MY-UA  |b gre  |e aacr 
041 0 |a eng 
082 0 |a 303.03 
245 1 4 |a The new Palgrave dictionaty of economics and law /  |c edited by Peter Newman 
260 |a London :   |a New York :   |b Macmillan Reference,   |b Stockton Press,   |c c1998 
300 |a 3 v.;  |c 26 cm. 
504 |a Includes bibliographical references 
505 0 |a v.1. A-D -- v.2. E-O -- v.3. P-Z 
650 0 0 |a Economics  |x Dictionaries. 
650 0 0 |a Law  |x Dictionaries. 
700 1 |a Newman, Peter K.  |d 1928-  |4 edt 
852 |a INST  |b SYROS  |e 20001204  |h 303.03 NEW  |p 005500002245  |q 005500002245  |t REF  |y 23  |z v.1 
852 |a INST  |b SYROS  |e 20001207  |h 303.03 NEW  |p 005500002246  |q 005500002246  |t REF  |y 23  |z v.2 
852 |a INST  |b SYROS  |e 20001207  |h 303.03 NEW  |p 005500002247  |q 005500002247  |t REF  |y 23  |z v.3 
852 |a INST  |b SYROS  |e 20001204  |h 303.03 NEW  |p 005500002245  |q 005500002245  |t REF  |v v.1:  |y 23  |z v.1 
852 |a INST  |b SYROS  |e 20001207  |h 303.03 NEW  |p 005500002246  |q 005500002246  |t REF  |v v.2:  |y 23  |z v.2 
852 |a INST  |b SYROS  |e 20001207  |h 303.03 NEW  |p 005500002247  |q 005500002247  |t REF  |v v.3:  |y 23  |z v.3 
853 |a INST  |b SYROS  |h 303.03 NEW 
901 |a BIBL5-2000-3 
909 |a Ε  |b 082551 
909 |a Ε  |b 082552 
909 |a Ε  |b 082553 
922 |a 5ΕΛΗ  |b 200010  |c ΒΙΒΛΙΟΘΗΚΗ  |d ΜΙΧΑΛΟΠΟΥΛΟΣ 
950 |a 188-2000-10-04 
970 |a ΠΟΥΡΝΑΡΑΣ  |b ΔΗΜΗΤΡΗΣ  |z 2000/12/07